000
002280000a22000850004500
008
230817t ||||| |||| 00| 0 eng d
245
_a
South Asia Bulletin:
_b
Vol. X, No. 1
260
_a
New York:
_b
State University,
_c
1990
942
_c
CR
999
_c
2750
_d
2750